000 00366nam a2200133Ia 4500
008 240624s9999 xx 000 0 und d
041 _aeng
082 _a658.4012 BHA
100 _aBHANDARI ARABINDA
245 _aSTRATEGIC MANAGEMENT A CONCEPTUAL FRAMEW
260 _c2013
_aNew Delhi
_bTata McGraw-Hill
300 _axviii, : 680 : p. : cm. ; 26
365 _cRS
_b33
999 _c25766
_d25766